| 000 | 01056cam a22002054a 4500 | ||
|---|---|---|---|
| 005 | 20250605164044.0 | ||
| 008 | 250528s ||||||||||||||||||||||||d | ||
| 035 | _a17087 | ||
| 020 | _a314568840 | ||
| 040 |
_aGR-AtMCL _bgre _dGR-AtMCL _eAACR2 |
||
| 245 | 1 | _aIntroductory Statistics | |
| 260 |
_bWest Publishing Company, _c1990 |
||
| 300 | _a548 | ||
| 520 | _aPreface, Introduction, Tabular and Pictioral Methods for Describing Data, Numerical Summary Measures, Probability, Random Variables and Discrete Probability Distributions, Continuous Probability Distributions, Sampling Distributions, Estimation Using a Single Sample, Hypothesis Testing Using a Single Sample, Comparing Two Populations or Treatments, Regression and Correlation: Descriptive Methods, Regression and Correlation: Inferential Methods, The Analysis of Variance, Categorical Data and Godness-Of-It Tests, Statistical Tables, Answers to Selected Problem, Index. | ||
| 700 | 1 |
_aDevore Jay _93225 |
|
| 700 | 1 |
_aPeck Roxy _93226 |
|
| 942 | _cBK | ||
| 999 |
_c2527 _d2527 |
||